Cassell's French English dictionary

Bibliographic Details
Format: Book
Published: London : Cassell , 1982
Subjects:

MARC

LEADER 00000cam a2200000 7i4500
001 0000030722
005 20071223093000.0
008 021119s1982
090 0 0 |a PC2640   |b .C3 1988 
245 0 0 |a Cassell's French English dictionary 
260 2 |a London :   |b Cassell ,   |c 1982 
300 |a xiv, 658 p. ;   |c 18 cm. 
650 0 |a English language   |v Dictionaries   |x English 
650 0 |a French language   |v Dictionaries   |x English 
999 |a 1000057436   |b Book   |c Reference   |e Gong Badak Campus